Countries Where Psilocybin Mushrooms are Legal or Decriminalized 🍄‍🟫 - Statistics

General Stats
  • This quiz has been taken 355 times
    78 since last reset
  • The average score is 7 of 13
Answer Stats
Possession Sale Transport Cultivation Country % Correct
Legal as truffle Legal as truffle Legal as truffle Legal as truffle and spores Netherlands
90%
Illegal (decriminalized) Illegal Illegal Illegal (decriminalized) Spain
71%
Legal Legal Legal Legal Brazil
68%
Illegal (decriminalized) Illegal (decriminalized) Illegal (decriminalized) Illegal (decriminalized) Portugal
68%
Illegal (decriminalized) Illegal (decriminalized) Illegal (decriminalized) Illegal (decriminalized) Italy
65%
Legal Illegal Legal Legal Austria
57%
Illegal (decriminalized) Illegal Illegal Illegal Uruguay
57%
Illegal (decriminalized) Illegal Illegal Illegal (decriminalized) Czechia
55%
Legal Legal Legal Legal Jamaica
48%
Illegal (decriminalized) Illegal Illegal Illegal Croatia
45%
Legal Illegal Legal Legal Bahamas
30%
Illegal (decriminalized) Illegal Illegal Illegal (decriminalized) Cyprus
29%
Legal Legal Legal Legal Nepal
17%
No matching quizzes found
Score Distribution
Percent of People with Each Score
Percentile by Number Answered
Your Score History
You have not taken this quiz since the last reset